நேசம் தாங்குமோ நெஞ்சம்...!
Saved in:
| Main Author: | |
|---|---|
| Format: | Book |
| Language: | English |
| Published: |
சென்னை
அருண் பதிப்பகம்
2021
|
| Edition: | - |
| Tags: |
Add Tag
No Tags, Be the first to tag this record!
|
MARC
| LEADER | 00000nam a22000007a 4500 | ||
|---|---|---|---|
| 005 | 20251101105039.0 | ||
| 008 | 251101b |||||||| |||| 00| 0 eng d | ||
| 020 | |a - | ||
| 082 | |a 894.8113 |b அலோசி | ||
| 100 | |a அலோசியஸ் |9 20308 | ||
| 245 | |a நேசம் தாங்குமோ நெஞ்சம்...! |c இன்பா அலோசியஸ் | ||
| 250 | |a - | ||
| 260 | |a சென்னை |b அருண் பதிப்பகம் |c 2021 | ||
| 300 | |a 588 | ||
| 942 | |c BK | ||
| 999 | |c 16263 |d 16263 | ||